Farmakokinetika

Guardado en:
Detalles Bibliográficos
Autor principal: Dashkin, Denys (Autor)
Otros Autores: Marko, Ľubomír (Orientador)
Formato: Manuscrito Libro
Lenguaje:eslovaco
Publicado: 2018
Materias:
Acceso en línea:http://is.stuba.sk/zp/portal_zp.pl?podrobnosti=117328
Etiquetas: Agregar Etiqueta
Sin Etiquetas, Sea el primero en etiquetar este registro!

MARC

LEADER 00000ntm a22000003a 4500
001 stuzp60574
003 SK-STU
005 20181121143643.7
007 ta
008 150427s2015----xo-----f-mn---000-0-slo-d
040 |a STU  |b slo 
041 0 |a slo 
044 |a xo 
100 1 |a Dashkin, Denys  |u 035000  |4 aut  |U FEI Fakulta elektrotechniky a informatiky  |T FEI Ústav informatiky a matematiky  |X 75910  |U E050  |Y 816  |7 75910 
242 0 1 |a Pharmacokinetics  |y eng 
245 1 0 |a Farmakokinetika 
260 |c 2018 
300 |a 33 s., príl.,  |b CD-ROM 
650 4 |a drug concentration  |2 eng 
650 4 |a effective concentration  |2 eng 
650 4 |a two-compartment model  |2 eng 
650 4 |a dvojsystémový model  |2 slo 
650 4 |a efektívna koncentrácia  |2 slo 
650 4 |a koncentrácia lieku  |2 slo 
700 1 |a Marko, Ľubomír  |u 035000  |k Z1  |4 ths  |U FEI Fakulta elektrotechniky a informatiky  |T FEI Ústav informatiky a matematiky  |X 2199  |U E050  |Y 816  |7 A000002199 
856 4 |u http://is.stuba.sk/zp/portal_zp.pl?podrobnosti=117328 
996 |b 284ER02742  |c E*Bc- 2742  |l EE35  |s P  |a 0  |w stuzp60574_0001